| 000 | 00713nam a22001937a 4500 | ||
|---|---|---|---|
| 999 |
_c164918 _d164918 |
||
| 005 | 20190530112606.0 | ||
| 010 | _aENG-125400 | ||
| 020 |
_a9788175053694 _c100.00 |
||
| 035 | _aEN-108932 | ||
| 037 | _bDBAD/PUB | ||
| 082 | _a230.35 | ||
| 100 | _aBhajanananda | ||
| 245 |
_aThe light of the modern world : _cby Vilas Adhav _bthe universal significance of Sri Ramakrishna's avatarahood and message / |
||
| 260 |
_aUttarakhand _bSwani Bodhasarananda _c2010 |
||
| 270 |
_aAdhyaksha , Advaita Ashrama, Mayavati _bChamparan, Uttarakhand _e262524 _mmail@advaitaashrama.org |
||
| 300 |
_a268p. _c22cm(Hb) |
||
| 500 | _aIncludes bibliographical references and index | ||
| 942 |
_2ddc _cEN _h230.35 _mBHA |
||